书目信息 |
| 题名: |
启蒙之光
|
|
| 作者: | 吴小鸥 著 | |
| 分册: | ||
| 出版信息: | 杭州 浙江工商大学出版社 2016 |
|
| 页数: | 266页 | |
| 开本: | 24cm | |
| 丛书名: | 当代浙江学术文库 | |
| 单 册: | ||
| 中图分类: | K820.855 , G423.3 | |
| 科图分类: | ||
| 主题词: | 知识分子--zhi shi fen zi--人物研究--浙江--近现代 , 教材--jiao cai--研究--中国--近现代 | |
| 电子资源: | ||
| ISBN: | 978-7-5178-1437-5 | |
| 000 | 01430nam0 22003011 450 | |
| 001 | 0102164927 | |
| 005 | 20170502164927.0 | |
| 010 | @a978-7-5178-1437-5@dCNY49.00 | |
| 100 | @a20161017d2016 em y0chiy50 ea | |
| 101 | 0 | @achi |
| 102 | @aCN@b330000 | |
| 105 | @ay z 000yy | |
| 106 | @ar | |
| 200 | 1 | @a启蒙之光@9qi meng zhi guang@e浙江知识分子与中国近现代教科书发展@f吴小鸥著 |
| 210 | @a杭州@c浙江工商大学出版社@d2016 | |
| 215 | @a266页@d24cm | |
| 225 | 2 | @a当代浙江学术文库@9dang dai zhe jiang xue shu wen ku |
| 300 | @a浙江省社科联省级社会科学学术著作出版资金资助出版 浙江省哲学社会科学规划课题“浙江知识分子与中国近现代教科书发展研究的成果” | |
| 330 | @a本书立足于大量教科书实物及史料,通过对李善兰、谢洪赉、张元济、蔡元培、杜亚泉、丰子恺等人的专题研究以及五十四位浙江知识分子编撰出版教科书的概览,尝试勾勒出在中国社会大动荡、大转折的紧要关头,他们在启蒙的地平线上撒播现代光明,引领中国实现从“有限的启蒙”(开官智)到“普遍的启蒙”(开民智)的历史性贡献。 | |
| 461 | 0 | @12001 @a当代浙江学术文库 |
| 517 | 1 | @a浙江知识分子与中国近现代教科书发展@9zhe jiang zhi shi fen zi yu zhong guo jin xian dai jiao ke shu fa zhan |
| 606 | 0 | @a知识分子@9zhi shi fen zi@x人物研究@y浙江@z近现代 |
| 606 | 0 | @a教材@9jiao cai@x研究@y中国@z近现代 |
| 690 | @aK820.855@v5 | |
| 690 | @aG423.3@v5 | |
| 701 | 0 | @a吴小鸥@9wu xiao ou@c(女,@f1969~)@4著 |
| 801 | 0 | @aCN@b百万庄@c20170308 |
| 905 | @b1003054-9@dK820.855@e178@f6 | |
| 启蒙之光:浙江知识分子与中国近现代教科书发展/吴小鸥著 .-杭州:浙江工商大学出版社,2016 |
| 266页;24cm.-(当代浙江学术文库) |
| 浙江省社科联省级社会科学学术著作出版资金资助出版 浙江省哲学社会科学规划课题“浙江知识分子与中国近现代教科书发展研究的成果” |
| ISBN 978-7-5178-1437-5:CNY49.00 |
| 本书立足于大量教科书实物及史料,通过对李善兰、谢洪赉、张元济、蔡元培、杜亚泉、丰子恺等人的专题研究以及五十四位浙江知识分子编撰出版教科书的概览,尝试勾勒出在中国社会大动荡、大转折的紧要关头,他们在启蒙的地平线上撒播现代光明,引领中国实现从“有限的启蒙”(开官智)到“普遍的启蒙”(开民智)的历史性贡献。 |
| ● |
| 相关链接 |
|
|
|
|
正题名:启蒙之光
索取号:K820.855/178
 
预约/预借
| 序号 | 登录号 | 条形码 | 馆藏地/架位号 | 状态 | 备注 |
| 1 | 1003054 | 210030544 | 第二样本阅览室/ [索取号:K820.855/178] | 在馆 | |
| 2 | 1003055 | 210030553 | 教育系资料室/ [索取号:K820.855/178] | 在馆 | |
| 3 | 1003056 | 210030562 | 教育系资料室/ [索取号:K820.855/178] | 在馆 | |
| 4 | 1003057 | 210030571 | 教育系资料室/ [索取号:K820.855/178] | 在馆 | |
| 5 | 1003058 | 210030580 | 第二借阅区/ [索取号:K820.855/178] | 在馆 | |
| 6 | 1003059 | 210030599 | 第二借阅区/ [索取号:K820.855/178] | 在馆 |